[Event "CHN Team Women 2016"]
[Site "Wuxi CHN"]
[Date "2016.07.29"]
[Round "3.2"]
[Board "3"]
[White "Huang, Mofei"]
[Black "Hu, Yue"]
[Result "0-1"]
[WhiteElo "1963"]
[BlackElo "1893"]
[WhiteTeam "Zhejiang Feiao"]
[BlackTeam "Jiangsu Lvyang"]
[WhiteFideId "8609535"]
[BlackFideId "8610339"]
[EventDate "2016.07.28"]

1. d4 Nf6 2. c4 g6 3. Nc3 Bg7 4. Nf3 O-O 5. g3 d6 6. Bg2 Nc6 7. O-O e5 8. d5 Ne7
9. e4 h6 10. Ne1 Ne8 11. f4 exf4 12. Bxf4 g5 13. Be3 Ng6 14. Nf3 Nf6 15. Nd4 Ng4
16. Bc1 c6 17. h3 N4e5 18. b3 Ne7 19. g4 c5 20. Nde2 N7g6 21. Bd2 Bd7 22. Ng3
Nd3 23. Bxg5 Bd4+ 24. Kh2 Qxg5 25. Qxd3 Ne5 26. Qc2 Nxg4+ 27. hxg4 Qh4+ 28. Bh3
Bxg4 29. Qg2 Bxc3 30. Rac1 Be5 31. Rce1 Bxh3 32. Qxh3 Bxg3+ 0-1

[Event "CHN Team Women 2016"]
[Site "Wuxi CHN"]
[Date "2016.07.29"]
[Round "3.3"]
[Board "1"]
[White "Xiao, Yiyi"]
[Black "Xu, Fei"]
[Result "1-0"]
[WhiteTitle "WFM"]
[WhiteElo "2292"]
[BlackElo "1937"]
[WhiteTeam "Tianjing Chunhua"]
[BlackTeam "Heilongjiang Qipai"]
[WhiteFideId "8606161"]
[BlackFideId "8606099"]
[EventDate "2016.07.28"]

1. d4 d5 2. c4 c6 3. Nc3 Nf6 4. e3 Bf5 5. cxd5 cxd5 6. Qb3 Bc8 7. Nf3 Nc6 8. Bd3
e6 9. O-O Be7 10. a3 O-O 11. Bd2 Qc7 12. Rac1 Bd7 13. Ne5 Rac8 14. Bb1 Qb8 15.
f4 Rfd8 16. Be1 Na5 17. Qd1 Nc4 18. Qe2 b5 19. Rf3 b4 20. axb4 Bxb4 21. Bh4 Be7
22. Bxf6 Bxf6 23. Bxh7+ Kf8 24. Rf2 Be8 25. Bd3 Qb4 26. Bxc4 dxc4 27. Ne4 Bb5
28. Qh5 Rc7 29. Nxf6 gxf6 30. Qh4 Kg7 31. Ng4 1-0

[Event "CHN Team Women 2016"]
[Site "Wuxi CHN"]
[Date "2016.07.29"]
[Round "3.3"]
[Board "2"]
[White "Hu, Yu A."]
[Black "Zhang, Lanlin"]
[Result "1-0"]
[WhiteElo "1934"]
[BlackElo "2150"]
[WhiteTeam "Heilongjiang Qipai"]
[BlackTeam "Tianjing Chunhua"]
[WhiteFideId "8609993"]
[BlackFideId "8608032"]
[EventDate "2016.07.28"]

1. e4 c5 2. Nf3 d6 3. d4 cxd4 4. Nxd4 Nf6 5. Nc3 a6 6. Be3 e5 7. Nb3 Be7 8. h3
O-O 9. g4 Be6 10. Qd2 b5 11. a3 Nbd7 12. g5 Ne8 13. Nd5 Bxd5 14. exd5 Nc5 15.
Na5 Ne4 16. Qb4 Nxg5 17. Nc6 Qd7 18. Qg4 Ne6 19. Nxe7+ Qxe7 20. dxe6 f5 21. Qg2
Rc8 22. O-O-O f4 23. Bd2 Nf6 24. Rg1 Rfe8 25. Bb4 Qc7 26. Bd3 Rxe6 27. Bf5 Rce8
28. Bxd6 Qf7 1-0

[Event "CHN Team Women 2016"]
[Site "Wuxi CHN"]
[Date "2016.07.29"]
[Round "3.3"]
[Board "3"]
[White "Liu, Hongyan"]
[Black "Jiang, Zhaoyi"]
[Result "1-0"]
[BlackTitle "WCM"]
[WhiteElo "2071"]
[BlackElo "1835"]
[WhiteTeam "Tianjing Chunhua"]
[BlackTeam "Heilongjiang Qipai"]
[WhiteFideId "8604789"]
[BlackFideId "8611050"]
[EventDate "2016.07.28"]

1. d4 d5 2. Bf4 Nf6 3. Nf3 e6 4. e3 Be7 5. h3 Nbd7 6. Bd3 c5 7. c3 h6 8. Nbd2 a6
9. a4 b6 10. Ne5 Bb7 11. Ndf3 Ne4 12. Nxd7 Qxd7 13. Ne5 Qd8 14. Qe2 Bh4 15. Bxe4
dxe4 16. dxc5 bxc5 17. Rd1 Qe7 18. Rd7 Qxd7 19. Nxd7 Kxd7 20. O-O Be7 21. Rd1+
Ke8 22. b4 cxb4 23. cxb4 Rc8 24. a5 Kf8 25. b5 axb5 26. Qxb5 Bd5 27. a6 g5 28.
Bg3 f6 29. a7 Kf7 30. Rxd5 exd5 31. Bb8 Rc1+ 32. Kh2 1-0

[Event "CHN Team Women 2016"]
[Site "Wuxi CHN"]
[Date "2016.07.29"]
[Round "3.4"]
[Board "1"]
[White "Zhai, Mo"]
[Black "Du, Yuxin"]
[Result "1/2-1/2"]
[WhiteTitle "WGM"]
[WhiteElo "2355"]
[BlackElo "2086"]
[WhiteTeam "Hebei Ticai"]
[BlackTeam "Shenzhen Qiyuan"]
[WhiteFideId "8600201"]
[BlackFideId "8610282"]
[EventDate "2016.07.28"]

1. c4 e6 2. Nf3 Nf6 3. Nc3 Bb4 4. Qc2 Bxc3 5. Qxc3 b6 6. g3 Bb7 7. Bg2 c5 8. b3
d6 9. Bb2 e5 10. O-O O-O 11. e3 Nc6 12. Rad1 Qc7 13. Nh4 Nb4 14. d4 Bxg2 15.
Kxg2 Nxa2 16. Qc2 Nb4 17. Qf5 Rfe8 18. dxe5 dxe5 19. Rd2 Qc8 20. Rd6 Qxf5 21.
Nxf5 Ne4 22. Rd7 Nc6 23. Rfd1 Kf8 24. Rc7 Rac8 25. Rb7 Red8 26. Rxd8+ Rxd8 27.
Rc7 g6 28. Nh6 Rd2 29. Rxc6 Rxf2+ 30. Kg1 Rxb2 31. Rc7 f5 32. Nf7 Rxb3 33. Rxa7
Rxe3 34. Nxe5 Re1+ 35. Kg2 Re2+ 36. Kg1 Nf6 37. Rf7+ Kg8 38. Re7 Re4 39. h3 Kf8
40. Rf7+ Kg8 41. Re7 Kf8 42. Rf7+ Kg8 43. Re7 1/2-1/2

[Event "CHN Team Women 2016"]
[Site "Wuxi CHN"]
[Date "2016.07.29"]
[Round "3.4"]
[Board "2"]
[White "Xu, Yuze"]
[Black "Yang, Yijing"]
[Result "0-1"]
[BlackTitle "WCM"]
[WhiteElo "1820"]
[BlackElo "1985"]
[WhiteTeam "Shenzhen Qiyuan"]
[BlackTeam "Hebei Ticai"]
[WhiteFideId "8614466"]
[BlackFideId "8608601"]
[EventDate "2016.07.28"]

1. e4 e6 2. d4 d5 3. Nd2 Be7 4. Ngf3 Nf6 5. Bd3 c5 6. dxc5 dxe4 7. Nxe4 Nxe4 8.
Bxe4 Qxd1+ 9. Kxd1 Bxc5 10. Ke2 Nd7 11. Be3 Bxe3 12. Kxe3 Nc5 13. Nd2 Nxe4 14.
Nxe4 Ke7 15. Rhd1 Bd7 16. c4 Bc6 17. f3 Rhd8 18. b4 b6 19. a3 f5 20. Nf2 g5 21.
Nd3 f4+ 22. Ke2 Kf6 23. Nf2 Kf5 24. Rd3 Rxd3 25. Kxd3 Rd8+ 26. Kc3 h5 27. h3 Rc8
28. Kb3 e5 29. Re1 Re8 30. c5 Bd5+ 31. Ka4 bxc5 32. bxc5 Rb8 33. Ka5 Rb3 34. a4
Rc3 35. Ne4 Rc2 36. Kb5 Rxg2 37. c6 Rc2 38. Nc5 Rb2+ 39. Ka5 Bxc6 40. Nd3 Ra2
41. Kb4 Rxa4+ 42. Kc5 Bxf3 0-1

[Event "CHN Team Women 2016"]
[Site "Wuxi CHN"]
[Date "2016.07.29"]
[Round "3.4"]
[Board "3"]
[White "Guo, Weibao"]
[Black "Wan, Qian"]
[Result "1-0"]
[WhiteElo "1684"]
[BlackElo "1637"]
[WhiteTeam "Hebei Ticai"]
[BlackTeam "Shenzhen Qiyuan"]
[WhiteFideId "8608440"]
[BlackFideId "8614296"]
[EventDate "2016.07.28"]

1. d4 d5 2. c4 e6 3. Nf3 Nf6 4. g3 Bb4+ 5. Nbd2 O-O 6. a3 Be7 7. Bg2 Nbd7 8. O-O
b6 9. cxd5 exd5 10. Nh4 Bb7 11. Nf5 Re8 12. Nxe7+ Qxe7 13. Re1 c5 14. Nf3 Ne4
15. Bf4 Ndf6 16. Rc1 Rac8 17. Bh3 Rcd8 18. Qa4 Bc8 19. Bxc8 Rxc8 20. Ne5 c4 21.
f3 Nd6 22. g4 h6 23. Qb4 Nb7 24. Qd2 Nd7 25. Kg2 Na5 26. Rc3 Nb3 27. Qd1 Nf8 28.
e4 f6 29. exd5 fxe5 30. dxe5 Rcd8 31. Rxc4 Na5 32. Rd4 Qd7 33. Ree4 Qb5 34. b4
Nb7 35. a4 Qd7 36. e6 Qe7 37. d6 Qf6 38. e7 1-0

[Event "CHN Team Women 2016"]
[Site "Wuxi CHN"]
[Date "2016.07.29"]
[Round "3.5"]
[Board "1"]
[White "Li, Xueyi"]
[Black "Ren, Xiaoyi"]
[Result "1-0"]
[WhiteElo "2176"]
[BlackElo "2202"]
[WhiteTeam "Guangdong"]
[BlackTeam "Chengdu"]
[WhiteFideId "8605912"]
[BlackFideId "8608709"]
[EventDate "2016.07.28"]

1. d4 d5 2. c4 c6 3. e3 Nf6 4. Nc3 e6 5. Nf3 Nbd7 6. Qc2 Bd6 7. Bd3 dxc4 8. Bxc4
O-O 9. O-O e5 10. h3 Qe7 11. Bd3 Re8 12. Ng5 h6 13. Nge4 Bc7 14. Bd2 Nxe4 15.
Nxe4 Nf6 16. Nxf6+ Qxf6 17. dxe5 Bxe5 18. f4 Bxb2 19. Rab1 Ba3 20. Bc3 Qh4 21.
Bd4 Bd6 22. Rf3 Be6 23. Kh2 c5 24. Bc3 Bd5 25. Rg3 Rxe3 26. Bh7+ Kf8 27. Bxg7+
Ke8 28. Rxe3+ Be6 29. Rxe6+ fxe6 30. Qg6+ Kd7 31. Rxb7+ Kc8 32. Qxe6+ Kxb7 33.
Qd7+ Bc7 34. Be4+ Ka6 35. Qc6+ Bb6 36. Bd3+ 1-0

[Event "CHN Team Women 2016"]
[Site "Wuxi CHN"]
[Date "2016.07.29"]
[Round "3.5"]
[Board "2"]
[White "Nie, Xin"]
[Black "Liu, Manli"]
[Result "1/2-1/2"]
[WhiteElo "2078"]
[BlackElo "2035"]
[WhiteTeam "Chengdu"]
[BlackTeam "Guangdong"]
[WhiteFideId "8605610"]
[BlackFideId "8608121"]
[EventDate "2016.07.28"]

1. d4 e6 2. c4 Nf6 3. Nc3 d5 4. cxd5 Nxd5 5. e4 Nxc3 6. bxc3 c5 7. Nf3 cxd4 8.
cxd4 Bb4+ 9. Bd2 Bxd2+ 10. Qxd2 O-O 11. Bc4 b6 12. d5 e5 13. O-O Qd6 14. Rac1 a6
15. Bd3 f6 16. Qc3 Ra7 17. Nd2 b5 18. Nb3 f5 19. Qc5 Qxc5 20. Nxc5 fxe4 21. Bxe4
Nd7 22. Ne6 Re8 23. Nc7 Rd8 24. Ne6 Re8 25. Nc7 Rd8 26. Rfe1 Nf6 27. Bf3 Bg4 28.
Ne6 Rd6 29. Rc8+ Kf7 30. Rf8+ Kg6 31. Rxe5 Bxe6 32. dxe6 Re7 33. h4 Rdxe6 34.
Rxe6 Rxe6 35. Ra8 h5 36. g3 Rb6 37. Ra7 Kh6 38. Kf1 Ng4 39. Ke2 Re6+ 40. Kf1 Rb6 1/2-1/2

[Event "CHN Team Women 2016"]
[Site "Wuxi CHN"]
[Date "2016.07.29"]
[Round "3.5"]
[Board "3"]
[White "Chen, Junping"]
[Black "Li, Yunshan"]
[Result "0-1"]
[BlackTitle "WFM"]
[WhiteElo "1817"]
[BlackElo "2045"]
[WhiteTeam "Guangdong"]
[BlackTeam "Chengdu"]
[WhiteFideId "8607001"]
[BlackFideId "8607664"]
[EventDate "2016.07.28"]

1. d4 Nf6 2. c4 g6 3. Nc3 d5 4. cxd5 Nxd5 5. e4 Nxc3 6. bxc3 Bg7 7. Bc4 c5 8.
Ne2 O-O 9. O-O Qa5 10. Rb1 Nd7 11. Qb3 Nb6 12. Bd3 Bd7 13. Qa3 Qxa3 14. Bxa3
cxd4 15. cxd4 Rfe8 16. Rfc1 e6 17. g3 Bc6 18. Bc5 Red8 19. Rd1 Na4 20. Rbc1 Nb2
21. Rd2 Nxd3 22. Rxd3 Bxe4 23. Rdc3 Bc6 24. Ra3 e5 25. dxe5 Bxe5 26. Rxa7 Rxa7
27. Bxa7 Rd2 28. f4 Bf6 29. Re1 Rxa2 30. Bc5 Rc2 31. Bb6 Rb2 32. Bc5 b6 33. Bd6
Bb5 34. Kf2 Bc3 35. Rc1 Bd4+ 36. Kf3 Rxe2 0-1

[Event "CHN Team Women 2016"]
[Site "Wuxi CHN"]
[Date "2016.07.29"]
[Round "3.6"]
[Board "1"]
[White "Zhou, Zirun"]
[Black "Yao, Lan"]
[Result "1-0"]
[WhiteElo "1938"]
[BlackElo "2131"]
[WhiteTeam "Shanxi Huxiaoling"]
[BlackTeam "Qingdao"]
[WhiteFideId "8610975"]
[BlackFideId "8610835"]
[EventDate "2016.07.28"]

1. e4 c5 2. Nf3 d6 3. d4 cxd4 4. Nxd4 Nf6 5. Nc3 Nc6 6. Bg5 e6 7. Qd2 a6 8.
O-O-O Bd7 9. Nb3 h6 10. Bh4 Nxe4 11. Nxe4 Qxh4 12. Nxd6+ Bxd6 13. Qxd6 Qe7 14.
Nc5 O-O-O 15. Be2 Qxd6 16. Rxd6 Ne7 17. Rxd7 Rxd7 18. Nxd7 Kxd7 19. Rd1+ Kc7 20.
Bf3 Nc6 21. Bxc6 Kxc6 22. c4 Kc7 23. Kc2 h5 24. h4 Rh6 25. g3 Rf6 26. f4 Rf5 27.
b4 f6 28. Kd3 a5 29. a3 b5 30. c5 Rd5+ 31. Ke2 axb4 32. axb4 Kd7 33. Rxd5+ exd5
34. f5 Kc7 35. Kf3 Kd7 36. g4 hxg4+ 37. Kxg4 Kc6 38. Kf4 d4 39. Ke4 d3 40. Kxd3
Kd5 41. Ke3 Ke5 42. Kf3 Kxf5 43. h5 Ke5 44. Kg4 f5+ 45. Kf3 f4 46. c6 Kd6 47.
Kxf4 Kxc6 48. Kf5 Kd5 49. Kg6 Kc4 50. Kxg7 Kxb4 51. h6 Kc3 52. h7 b4 53. h8=Q b3
54. Qh7 Kb2 55. Kf6 Kc1 56. Qc7+ Kb1 57. Ke5 b2 58. Kd4 Ka2 59. Qc2 Ka1 60. Qa4+ 1-0

[Event "CHN Team Women 2016"]
[Site "Wuxi CHN"]
[Date "2016.07.29"]
[Round "3.6"]
[Board "2"]
[White "Hong, Xing"]
[Black "Zhang, Xiao"]
[Result "1/2-1/2"]
[WhiteElo "2002"]
[BlackElo "1877"]
[WhiteTeam "Qingdao"]
[BlackTeam "Shanxi Huxiaoling"]
[WhiteFideId "8606129"]
[BlackFideId "8610894"]
[EventDate "2016.07.28"]

1. c4 c5 2. b3 b6 3. Bb2 Bb7 4. Nf3 Nf6 5. e3 e6 6. Be2 Be7 7. O-O O-O 8. d4 d5
9. dxc5 Bxc5 10. Nbd2 Nbd7 11. Bd3 Qe7 12. Qe2 Ba3 13. Bxa3 Qxa3 14. cxd5 Nxd5
15. Nc4 Qe7 16. Rac1 e5 17. Bb1 e4 18. Nd4 f5 19. g3 Kh8 20. Rfe1 Ne5 21. Nxe5
Qxe5 22. Qd2 Rad8 23. a3 Nf6 24. b4 Rc8 25. Ba2 Bd5 26. Bxd5 Qxd5 27. Rc2 Qd7
28. Rec1 h6 29. Rc4 Rxc4 30. Rxc4 Rc8 31. Qc2 Rxc4 32. Qxc4 Kh7 33. Kg2 Kg6 34.
b5 Qe7 35. a4 Qe5 36. Nc6 Qc7 37. Qe6 Kh7 38. Qxf5+ Kh8 39. Qe6 Qd7 40. Qe5 Qd1
41. Qd4 Qf3+ 42. Kg1 Ng4 43. Qd2 Qf7 44. h3 Nf6 45. Qd8+ Kh7 46. Nd4 1/2-1/2

[Event "CHN Team Women 2016"]
[Site "Wuxi CHN"]
[Date "2016.07.29"]
[Round "3.6"]
[Board "3"]
[White "Zhang, Yuxuan"]
[Black "Ha, Yihan"]
[Result "1-0"]
[WhiteElo "1864"]
[BlackElo "1355"]
[WhiteTeam "Shanxi Huxiaoling"]
[BlackTeam "Qingdao"]
[WhiteFideId "8610908"]
[BlackFideId "8617120"]
[EventDate "2016.07.28"]

1. e4 c6 2. d4 d5 3. Nd2 dxe4 4. Nxe4 Nd7 5. Ng5 Ngf6 6. N1f3 h6 7. Nh3 e6 8.
Bd3 Bd6 9. Qe2 Qc7 10. Bd2 O-O 11. O-O-O b6 12. g4 e5 13. g5 hxg5 14. Nhxg5 exd4
15. Nxd4 Re8 16. Qf1 Ne5 17. Bf5 Bc5 18. Bxc8 Raxc8 19. Nb3 Bd6 20. Rg1 b5 21.
Qg2 Bf8 22. Bc3 Nd5 23. Qh3 Nf6 24. f4 Ned7 25. Rxd7 Qxd7 26. Bxf6 Qxh3 27. Nxh3
Re3 28. Nf2 Rf3 29. Nd3 c5 30. Nd2 Rh3 31. Rg2 Kh7 32. Ne4 gxf6 33. Nxf6+ Kh6
34. Ne5 Rc7 35. Rg8 Bg7 36. Rxg7 Kxg7 37. Ne8+ Kf8 38. Nxc7 Rxh2 39. Nxb5 Rh4
40. Nxa7 Rxf4 41. Nd7+ Ke7 42. Nxc5 Rc4 43. Nd3 f5 44. Nb5 f4 45. b3 Re4 46. Nc3
Rd4 47. Nxf4 Rd8 48. a4 Kd7 1-0

[Event "CHN Team Women 2016"]
[Site "Wuxi CHN"]
[Date "2016.07.29"]
[Round "3.7"]
[Board "1"]
[White "Xie, Libeilei"]
[Black "Ning, Kaiyu"]
[Result "0-1"]
[WhiteElo "1534"]
[BlackElo "1820"]
[WhiteTeam "Shaanxi"]
[BlackTeam "Henan Qixie"]
[WhiteFideId "8610762"]
[BlackFideId "8614750"]
[EventDate "2016.07.28"]

1. Nf3 d5 2. g3 Nf6 3. Bg2 c6 4. d3 Bf5 5. Nbd2 h6 6. c4 e6 7. O-O Be7 8. a4 O-O
9. b3 Nbd7 10. d4 Ne4 11. Nxe4 Bxe4 12. cxd5 Bxd5 13. Ne1 Nf6 14. Bb2 Bxg2 15.
Nxg2 Qa5 16. Nf4 Rad8 17. Qc2 Bd6 18. Bc3 Qg5 19. Nd3 Ng4 20. Ne1 Qh5 21. Nf3 f5
22. Kg2 Nf6 23. Rae1 g5 24. e3 Ne4 25. Nd2 Nxd2 26. Qxd2 Rd7 27. Qe2 g4 28. Qc4
Re7 29. Bb4 Bxb4 30. Qxb4 Qf7 31. Qc3 h5 32. Rd1 Qf6 33. Qc5 a6 34. Qd6 Rh7 35.
Rc1 Rd8 36. Qb4 h4 37. Qc3 Rdd7 38. Rh1 Rh6 39. Qa1 Rdh7 40. Rcd1 Qh8 41. Rc1
hxg3 42. hxg3 Rh2+ 43. Rxh2 Rxh2+ 44. Kf1 Qh3+ 45. Ke1 Qg2 46. Kd2 Qxf2+ 47. Kd3
Qe2+ 48. Kc3 Qxe3+ 49. Kc4 Rd2 50. Rh1 Qd3+ 51. Kc5 Qxb3 0-1

[Event "CHN Team Women 2016"]
[Site "Wuxi CHN"]
[Date "2016.07.30"]
[Round "4.1"]
[Board "1"]
[White "Shen, Yang"]
[Black "Zhao, Xue"]
[Result "1-0"]
[WhiteTitle "IM"]
[BlackTitle "GM"]
[WhiteElo "2477"]
[BlackElo "2510"]
[WhiteTeam "Jiangsu Lvyang"]
[BlackTeam "Beijing Beiao"]
[WhiteFideId "8603162"]
[BlackFideId "8601283"]
[EventDate "2016.07.28"]

1. d4 Nf6 2. c4 e6 3. Nf3 b6 4. g3 Ba6 5. Qa4 Bb7 6. Bg2 c5 7. dxc5 bxc5 8. Nc3
Be7 9. O-O O-O 10. Rd1 Qb6 11. Qb5 Rd8 12. Bf4 d6 13. h3 Qc7 14. g4 a6 15. Qa4
Nc6 16. Bg3 Na5 17. Ne1 Bxg2 18. Nxg2 Qb6 19. Ne3 h6 20. Rd2 Nc6 21. Qd1 Qb7 22.
Qf1 Nd4 23. Qg2 Rab8 24. Qxb7 Rxb7 25. b3 h5 26. Kg2 Rdd7 27. Rad1 Bd8 28. f3
Ba5 29. Rc1 Rd8 30. Kf2 d5 31. cxd5 Nb5 32. Be5 Rbd7 33. a4 Nd4 34. dxe6 fxe6
35. Rb2 Bb4 36. Nc4 Nc6 37. Bxf6 gxf6 38. Ne4 Kf7 39. Rbb1 Rd5 1-0

[Event "CHN Team Women 2016"]
[Site "Wuxi CHN"]
[Date "2016.07.30"]
[Round "4.1"]
[Board "2"]
[White "Wang, Jue"]
[Black "Yuan, Ye"]
[Result "1-0"]
[WhiteTitle "WGM"]
[WhiteElo "2381"]
[BlackElo "2175"]
[WhiteTeam "Beijing Beiao"]
[BlackTeam "Jiangsu Lvyang"]
[WhiteFideId "8604070"]
[BlackFideId "8608415"]
[EventDate "2016.07.28"]

1. e4 c5 2. Nf3 e6 3. d4 cxd4 4. Nxd4 Nc6 5. Nc3 Qc7 6. Be2 a6 7. O-O Nf6 8. Be3
Be7 9. f4 d6 10. Kh1 O-O 11. Qe1 Nxd4 12. Bxd4 b5 13. Qg3 Bb7 14. a3 Rad8 15.
Rae1 Bc6 16. Bf3 g6 17. b4 Rfe8 18. Re3 Rd7 19. Rd3 Bd8 20. f5 e5 21. Be3 Qb7
22. Bg5 Nxe4 23. Nxe4 Bxe4 24. Bxd8 Rdxd8 25. f6 Bxd3 26. Bxb7 Bxf1 27. Qg5 Kh8
28. h4 Bc4 29. h5 Rg8 30. Be4 Rde8 31. hxg6 fxg6 32. f7 Bxf7 33. Qf6+ Rg7 34.
Qxd6 Bc4 35. Qxa6 Re6 36. Qc8+ Rg8 37. Qc5 Rd8 38. a4 Kg8 39. axb5 Rd4 40. Bf3 1-0

[Event "CHN Team Women 2016"]
[Site "Wuxi CHN"]
[Date "2016.07.30"]
[Round "4.1"]
[Board "3"]
[White "Hu, Yue"]
[Black "Wang, Yu A."]
[Result "1/2-1/2"]
[BlackTitle "IM"]
[WhiteElo "1893"]
[BlackElo "2359"]
[WhiteTeam "Jiangsu Lvyang"]
[BlackTeam "Beijing Beiao"]
[WhiteFideId "8610339"]
[BlackFideId "8601097"]
[EventDate "2016.07.28"]

1. e4 e5 2. Nf3 Nc6 3. Bc4 Nf6 4. d3 Be7 5. O-O O-O 6. c3 d6 7. a4 Na5 8. Ba2 c5
9. Na3 Bg4 10. Re1 Qd7 11. Nc2 Be6 12. Ne3 Bxa2 13. Rxa2 Qe6 14. Ra3 g6 15. b4
cxb4 16. cxb4 Nc6 17. b5 Nd4 18. Nxd4 exd4 19. Nc2 d5 20. exd5 Qd7 21. Rb3 Bc5
22. Nb4 Nxd5 23. Nxd5 Qxd5 24. Bf4 Rfe8 25. Rxe8+ Rxe8 26. h3 Bd6 27. Bxd6 Qxd6
28. Rb2 Qa3 29. Re2 Rc8 30. Kh2 Kg7 31. Re4 Qd6+ 32. g3 Rc3 33. Rf4 Qd5 34. Qe2
Ra3 35. Qc2 Rc3 36. Qe2 Ra3 37. Qc2 Rc3 38. Qe2 1/2-1/2

[Event "CHN Team Women 2016"]
[Site "Wuxi CHN"]
[Date "2016.07.30"]
[Round "4.2"]
[Board "1"]
[White "Ju, Wenjun"]
[Black "Zhai, Mo"]
[Result "1-0"]
[WhiteTitle "GM"]
[BlackTitle "WGM"]
[WhiteElo "2578"]
[BlackElo "2355"]
[WhiteTeam "Shanghai"]
[BlackTeam "Hebei Ticai"]
[WhiteFideId "8603006"]
[BlackFideId "8600201"]
[EventDate "2016.07.28"]

1. c4 e5 2. Nc3 Bb4 3. Nd5 Be7 4. Nf3 d6 5. d4 e4 6. Nd2 f5 7. e3 Nf6 8. f3 O-O
9. fxe4 Ng4 10. Qb3 Nc6 11. Be2 Bh4+ 12. g3 fxe4 13. Nxe4 Bf5 14. Nec3 Rb8 15.
Bd2 Bg5 16. O-O h5 17. Qd1 Be6 18. Qc2 Ne7 19. Rxf8+ Qxf8 20. Rf1 Qd8 21. Qe4
Qd7 22. Bd3 Nf6 23. Nxf6+ Bxf6 24. Qh7+ Kf8 25. Ne4 1-0

[Event "CHN Team Women 2016"]
[Site "Wuxi CHN"]
[Date "2016.07.30"]
[Round "4.2"]
[Board "2"]
[White "Wang, Doudou"]
[Black "Ni, Shiqun"]
[Result "1/2-1/2"]
[WhiteTitle "WIM"]
[BlackTitle "WGM"]
[WhiteElo "2214"]
[BlackElo "2389"]
[WhiteTeam "Hebei Ticai"]
[BlackTeam "Shanghai"]
[WhiteFideId "8603197"]
[BlackFideId "8608466"]
[EventDate "2016.07.28"]

1. d4 d5 2. Nf3 Nf6 3. c4 c6 4. Nc3 a6 5. e3 Bf5 6. Be2 h6 7. O-O e6 8. b3 Nbd7
9. Bb2 Bd6 10. Bd3 Bxd3 11. Qxd3 O-O 12. e4 dxe4 13. Nxe4 Nxe4 14. Qxe4 Qe7 15.
Rfe1 Ba3 16. Bc3 Bb4 17. Qc2 Bxc3 18. Qxc3 Nf6 19. Rad1 Rfd8 20. h3 Qc7 21. Rd2
Rd6 22. a4 a5 23. Qe3 Rad8 24. Red1 b6 25. Kf1 Kf8 26. Qe5 Qe7 27. Qe3 Qc7 28.
Qe5 Qe7 29. Qe3 Qc7 30. Qe5 Qe7 1/2-1/2

[Event "CHN Team Women 2016"]
[Site "Wuxi CHN"]
[Date "2016.07.30"]
[Round "4.2"]
[Board "3"]
[White "Zhang, Xiaowen"]
[Black "Yang, Yijing"]
[Result "1-0"]
[WhiteTitle "WGM"]
[BlackTitle "WCM"]
[WhiteElo "2364"]
[BlackElo "1985"]
[WhiteTeam "Shanghai"]
[BlackTeam "Hebei Ticai"]
[WhiteFideId "8603219"]
[BlackFideId "8608601"]
[EventDate "2016.07.28"]

1. e4 e6 2. d4 d5 3. Nd2 Be7 4. Ngf3 Nf6 5. e5 Nfd7 6. Bd3 c5 7. c3 Nc6 8. O-O
a5 9. a4 cxd4 10. cxd4 Nb4 11. Bb1 b6 12. Re1 Ba6 13. Nf1 Rc8 14. Ra3 Rc6 15.
Rc3 Nb8 16. Ng3 h6 17. Nh5 g6 18. Nf4 Kd7 19. Ne2 Qc7 20. Rxc6 N8xc6 21. Nc3 Na7
22. Be3 g5 23. h3 Kc8 24. Nh2 Kb7 25. Qh5 Bd8 26. Rd1 Qe7 27. f4 Qf6 28. f5 Qg7
29. f6 Qf8 30. Ng4 b5 31. h4 bxa4 32. hxg5 hxg5 33. Qxg5 Bb6 34. Qg7 Nac6 35.
Kf2 Nd8 36. Qxf8 Rxf8 37. Nxa4 Bc4 38. Nxb6 Kxb6 39. Nh6 Kb5 40. g4 Ka4 41. g5
Kb3 42. Rd2 Ndc6 43. Bf4 a4 44. Nxf7 Nxd4 45. Nd8 Rxd8 46. Rxd4 Kxb2 47. Rd1 1-0

[Event "CHN Team Women 2016"]
[Site "Wuxi CHN"]
[Date "2016.07.30"]
[Round "4.3"]
[Board "1"]
[White "Xiao, Yiyi"]
[Black "Zhou, Zirun"]
[Result "1-0"]
[WhiteTitle "WFM"]
[WhiteElo "2292"]
[BlackElo "1938"]
[WhiteTeam "Tianjing Chunhua"]
[BlackTeam "Shanxi Huxiaoling"]
[WhiteFideId "8606161"]
[BlackFideId "8610975"]
[EventDate "2016.07.28"]

1. d4 Nf6 2. c4 g6 3. g3 Bg7 4. Bg2 O-O 5. Nf3 d6 6. O-O c5 7. dxc5 dxc5 8. Ne5
Nfd7 9. Nd3 Nc6 10. Nc3 Nde5 11. Nxe5 Nxe5 12. Qb3 Qb6 13. Nd5 Qxb3 14. Nxe7+
Kh8 15. axb3 Nc6 16. Nxc6 bxc6 17. Bf4 Bd7 18. Rfd1 Be6 19. Bxc6 Rad8 20. Rxd8
Rxd8 21. Rxa7 Bxb2 22. Be3 Rd6 23. Be4 Bd4 24. Bh6 Rd8 25. e3 Bg7 26. Bxg7+ Kxg7
27. Rc7 Rb8 28. Bd5 Bxd5 29. cxd5 Rxb3 30. Rxc5 Rd3 31. Kf1 Rd2 32. Ke1 Ra2 33.
Rc7 Kf6 34. d6 Ra5 35. e4 Ra4 36. Re7 Rd4 37. e5+ Kf5 38. f4 f6 39. Rf7 g5 40.
Rxf6+ Kg4 41. Kf2 Rd5 42. Ke3 gxf4+ 43. Rxf4+ Kg5 44. Ke4 Rd1 45. Rf3 Re1+ 46.
Kd5 Rd1+ 47. Ke6 1-0

[Event "CHN Team Women 2016"]
[Site "Wuxi CHN"]
[Date "2016.07.30"]
[Round "4.3"]
[Board "2"]
[White "Zhang, Xiao"]
[Black "Zhang, Lanlin"]
[Result "1/2-1/2"]
[WhiteElo "1877"]
[BlackElo "2150"]
[WhiteTeam "Shanxi Huxiaoling"]
[BlackTeam "Tianjing Chunhua"]
[WhiteFideId "8610894"]
[BlackFideId "8608032"]
[EventDate "2016.07.28"]

1. d4 d5 2. c4 e6 3. Nc3 Nf6 4. cxd5 exd5 5. Bg5 Be7 6. e3 O-O 7. Bd3 Be6 8.
Nge2 c6 9. O-O h6 10. Bxf6 Bxf6 11. b4 Be7 12. b5 cxb5 13. Bxb5 a6 14. Ba4 b5
15. Bc2 Nd7 16. e4 dxe4 17. Bxe4 Rb8 18. d5 Bg4 19. h3 Bxe2 20. Nxe2 Nf6 21. Bf3
Bc5 22. Nd4 Bxd4 23. Qxd4 Qd6 24. Rac1 Rbc8 25. Rfd1 Rfd8 26. Qa7 Ra8 27. Qc7
Qxc7 28. Rxc7 Ne8 29. Rc6 Nd6 30. Rdc1 Ra7 31. Rc7 Rxc7 32. Rxc7 Nc4 33. Be4 g6
34. g4 Kg7 35. Rc6 Rd6 36. f4 g5 37. Kf2 Kf6 38. Kg3 Ke7 39. Rc7+ Rd7 40. Rc6
Rd6 41. Rc7+ Rd7 42. Rc6 1/2-1/2